Segment protipríruby poklopu šachty reaktora
Guardado en:
| Autor principal: | |
|---|---|
| Otros Autores: | |
| Formato: | Manuscrito Libro |
| Lenguaje: | eslovaco |
| Publicado: |
Bratislava :
STU v Bratislave SjF,
2013
|
| Acceso en línea: | VAIS |
| Etiquetas: |
Sin Etiquetas, Sea el primero en etiquetar este registro!
|
MARC
| LEADER | 00000ntm a22000003a 4500 | ||
|---|---|---|---|
| 001 | stu286658 | ||
| 005 | 20150617230256.1 | ||
| 008 | 140321s2013----xo------------------slo-d | ||
| 040 | |a STU |b slo | ||
| 041 | 0 | |a slo | |
| 044 | |a xo | ||
| 100 | 1 | |a Siracký, Miroslav, |d 1963- |4 aut |u J |T SjF Strojnícka fakulta |X 51528 |U J |Y 20 |7 A000051528 | |
| 242 | 0 | 0 | |a Segment counter flange of cover manhole reactor |y eng |
| 245 | 1 | |a Segment protipríruby poklopu šachty reaktora | |
| 260 | |a Bratislava : |b STU v Bratislave SjF, |c 2013 | ||
| 700 | 1 | |a Kolláth, Ľudovít, |d 1955- |4 ths |u J0070 |U SjF Strojnícka fakulta |T SjF Ústav výrobných systémov, enviromentálnej techniky a manažment kvality |X 2409 |U J0070 |Y 804 |7 A000002409 | |
| 856 | 4 | |a info a plný text |u http://is.stuba.sk/zp/portal_zp.pl?podrobnosti=94923 |3 VAIS | |
| 996 | |b 284J042648 |c J*1535/DP |l JJSK |s A |a 24 |w stu286658_0001 | ||